| 000 | 00439 a2200181 4500 | ||
|---|---|---|---|
| 001 | 140735 | ||
| 040 | _cLeonardo Da Vinci | ||
| 041 | _aPortuguês | ||
| 082 |
_aI P727l _bP727l |
||
| 100 | _aPINTO, Cecília Alves | ||
| 245 | _aO livro do trava-língua | ||
| 250 | _a3.ed | ||
| 260 |
_bNova Fronteira _c1986 _aRio de Janeiro |
||
| 362 | _a19860000 | ||
| 500 | _aZélio (Ilustração) | ||
| 697 | _aLiteratura infantil | ||
| 942 | _cBK | ||
| 999 |
_c140735 _d140735 |
||